| 000 | 01970nam a2200385 a 4500 | ||
|---|---|---|---|
| 001 | ebr10492336 | ||
| 003 | CaPaEBR | ||
| 006 | m u | ||
| 007 | cr cn||||||||| | ||
| 008 | 090209s2009 nmua sb 001 0 eng d | ||
| 010 | _z 2009005843 | ||
| 020 | _z9780826346919 (cloth : alk. paper) | ||
| 020 | _z082634691X (cloth : alk. paper) | ||
| 020 | _z9780826346933 (e-book) | ||
| 040 |
_aCaPaEBR _cCaPaEBR |
||
| 035 | _a(OCoLC)759158378 | ||
| 043 | _an-us--- | ||
| 050 | 1 | 4 |
_aTA1522 _b.D84 2009eb |
| 082 | 0 | 4 |
_a621.36/9 _222 |
| 100 | 1 | _aDuffner, Robert W. | |
| 245 | 1 | 4 |
_aThe adaptive optics revolution _h[electronic resource] : _ba history / _cRobert W. Duffner ; foreword by Robert Q. Fugate. |
| 260 |
_aAlbuquerque : _bUniversity of New Mexico Press, _c2009. |
||
| 300 |
_axxviii, 457 p. : _bill. |
||
| 504 | _aIncludes bibliographical references and index. | ||
| 505 | 0 | _aSputnik, reality, and technology -- Early days : the Romans -- Rome and Itek : first adaptive optics systems -- Laser guide stars -- Fugate's Rayleigh guide star experiments -- Lincoln laboratory -- Sharing the gold : astronomical nuggets -- Strategic defense initiative -- Airborne laser -- 3.5-meter military telescope complex : Starfire Optical Range, New Mexico -- 3.67-meter military telescope complex : Maui, Hawaii -- Sodium guide star laser : the future. | |
| 533 |
_aElectronic reproduction. _bPalo Alto, Calif. : _cebrary, _d2011. _nAvailable via World Wide Web. _nAccess may be limited to ebrary affiliated libraries. |
||
| 650 | 0 |
_aOptics, Adaptive _xHistory. |
|
| 650 | 0 |
_aOptics, Adaptive _xResearch _zUnited States _xHistory. |
|
| 650 | 0 | _aLaser guide star adaptive optics. | |
| 650 | 0 |
_aLasers _xMilitary applications. |
|
| 650 | 0 | _aSpace telescopes. | |
| 655 | 7 |
_aElectronic books. _2local |
|
| 710 | 2 | _aebrary, Inc. | |
| 856 | 4 | 0 |
_uhttp://site.ebrary.com/lib/rucke/Doc?id=10492336 _zAn electronic book accessible through the World Wide Web; click to view |
| 999 |
_c228598 _d228598 |
||